<?xml version="1.0" encoding="UTF-8"?><?xml-stylesheet type="text/xsl" href="static/style.xsl"?><OAI-PMH xmlns="http://www.openarchives.org/OAI/2.0/" xmlns:xsi="http://www.w3.org/2001/XMLSchema-instance" xsi:schemaLocation="http://www.openarchives.org/OAI/2.0/ http://www.openarchives.org/OAI/2.0/OAI-PMH.xsd"><responseDate>2026-04-17T01:17:01Z</responseDate><request verb="GetRecord" identifier="oai:www.recercat.cat:2117/191217" metadataPrefix="marc">https://recercat.cat/oai/request</request><GetRecord><record><header><identifier>oai:recercat.cat:2117/191217</identifier><datestamp>2025-07-22T18:14:38Z</datestamp><setSpec>com_2072_1033</setSpec><setSpec>col_2072_452951</setSpec></header><metadata><record xmlns="http://www.loc.gov/MARC21/slim" xmlns:dcterms="http://purl.org/dc/terms/" xmlns:xsi="http://www.w3.org/2001/XMLSchema-instance" xmlns:doc="http://www.lyncode.com/xoai" xsi:schemaLocation="http://www.loc.gov/MARC21/slim http://www.loc.gov/standards/marcxml/schema/MARC21slim.xsd">
   <leader>00925njm 22002777a 4500</leader>
   <datafield ind2=" " ind1=" " tag="042">
      <subfield code="a">dc</subfield>
   </datafield>
   <datafield ind2=" " ind1=" " tag="720">
      <subfield code="a">Hernández Rodríguez, Sergi</subfield>
      <subfield code="e">author</subfield>
   </datafield>
   <datafield ind2=" " ind1=" " tag="260">
      <subfield code="c">2006</subfield>
   </datafield>
   <datafield ind2=" " ind1=" " tag="520">
      <subfield code="a">Es tracta del PROJECTE EXECUTIU referent a la construcció d'un EDIFICI D'HABITATGES, entre mitgeres.&#xd;
El mateix s'ha d'emplaçar en una finca situada sobre el front de façana sud del carrer de la Llacuna núm. 35, a Igualada.&#xd;
El carrer de la Llacuna és un vial del sector nord-oest de la ciutat, que transcorre en sentit est-oest des de l'avinguda Balmes fins al carrer de Vallbona. El mateix, amb una amplada total de 10,00 m, esta configurat per dues voreres de 2,00 m i una calçada de 6,00 m.&#xd;
Actualment la finca en qüestió esta ocupada per una edificació entre mitgeres constituïda per uns baixos, amb caixa d'escala central, garatge-magatzem i un local, i una planta primera ocupada per un habitatge. El pati posterior de la mateixa conté un cobert&#xd;
adossat a la façana i una piscina en una àrea de terrassa elevada.</subfield>
   </datafield>
   <datafield tag="653" ind2=" " ind1=" ">
      <subfield code="a">Àrees temàtiques de la UPC::Edificació::Gestió d'obres</subfield>
   </datafield>
   <datafield tag="653" ind2=" " ind1=" ">
      <subfield code="a">Apartment houses</subfield>
   </datafield>
   <datafield tag="653" ind2=" " ind1=" ">
      <subfield code="a">Cases de pisos</subfield>
   </datafield>
   <datafield ind2="0" ind1="0" tag="245">
      <subfield code="a">Desenvolupament d'un projecte constructiu d'un edifici d'habitatges al carrer de La Llacuna, 35 d'Igualada</subfield>
   </datafield>
</record></metadata></record></GetRecord></OAI-PMH>